[Event "v4camp2016"]
[Site "?"]
[Date "2016.06.22"]
[Round "3.1"]
[White "Buco, Martin"]
[Black "Molenda, Marcin"]
[Result "0-1"]
[BlackElo "2235"]
[WhiteElo "1689"]
[LiveChessVersion "1.4.8"]

1. e4 {[%clk 1:30:59]} c5 {[%clk 1:30:48]} 2. Nc3 {[%clk 1:31:25]} e6
{[%clk 1:31:11]} 3. f4 {[%clk 1:31:52]} d5 {[%clk 1:31:32]} 4. Bb5+
{[%clk 1:32:12]} Bd7 {[%clk 1:31:37]} 5. Bxd7+ {[%clk 1:32:39]} Qxd7
{[%clk 1:31:51]} 6. d3 {[%clk 1:32:24]} Nc6 {[%clk 1:31:40]} 7. Nf3
{[%clk 1:32:51]} dxe4 {[%clk 1:30:41]} 8. Nxe4 {[%clk 1:26:41]} Nf6
{[%clk 1:29:56]} 9. Be3 {[%clk 1:21:23]} Nd5 {[%clk 1:21:19]} 10. Bxc5
{[%clk 1:19:58]} Bxc5 {[%clk 1:21:21]} 11. Nxc5 {[%clk 1:20:19]} Qc7
{[%clk 1:21:25]} 12. d4 {[%clk 1:08:14]} Nxf4 {[%clk 1:15:19]} 13. O-O
{[%clk 1:02:06]} O-O {[%clk 1:15:30]} 14. c3 {[%clk 1:01:03]} h6 {[%clk 1:15:37]}
15. Re1 {[%clk 0:52:34]} Rfc8 {[%clk 1:10:24]} 16. Ne5 {[%clk 0:48:21]} Nxe5
{[%clk 1:09:37]} 17. Rxe5 {[%clk 0:48:48]} Ng6 {[%clk 1:09:47]} 18. Re3
{[%clk 0:44:46]} b6 {[%clk 1:08:06]} 19. Nd3 {[%clk 0:41:13]} Qc4
{[%clk 1:06:14]} 20. a4 {[%clk 0:38:06]} a6 {[%clk 1:06:00]} 21. Qf3
{[%clk 0:24:29]} Rab8 {[%clk 1:06:19]} 22. Qe2 {[%clk 0:21:49]} Ne7
{[%clk 1:00:03]} 23. Nb4 {[%clk 0:19:32]} Qxe2 {[%clk 0:57:17]} 24. Rxe2
{[%clk 0:20:01]} Ra8 {[%clk 0:57:36]} 25. Re5 {[%clk 0:13:56]} Ng6
{[%clk 0:54:16]} 26. Ree1 {[%clk 0:14:06]} Kf8 {[%clk 0:53:43]} 27. d5
{[%clk 0:14:09]} a5 {[%clk 0:53:52]} 28. Nd3 {[%clk 0:14:13]} exd5
{[%clk 0:54:17]} 29. Ne5 {[%clk 0:14:15]} Nxe5 {[%clk 0:51:41]} 30. Rxe5
{[%clk 0:14:40]} Rc5 31. Rd1 {[%clk 0:14:12]} Rd8 {[%clk 0:46:25]} 32. b4
{[%clk 0:05:53]} axb4 {[%clk 0:46:04]} 33. cxb4 {[%clk 0:06:19]} Rc4
{[%clk 0:46:28]} 34. Rexd5 {[%clk 0:06:35]} Rxd5 {[%clk 0:46:15]} 35. Rxd5
{[%clk 0:07:02]} Rxb4 {[%clk 0:46:41]} 36. Rd8+ {[%clk 0:07:01]} Ke7
{[%clk 0:47:02]} 37. Rb8 {[%clk 0:07:29]} Ke6 {[%clk 0:43:18]} 38. Kf2
{[%clk 0:07:15]} g5 {[%clk 0:42:57]} 39. Ra8 {[%clk 0:07:28]} Kf5
{[%clk 0:33:18]} 40. a5 {[%clk 0:07:45]} b5 {[%clk 0:33:13]} 41. a6
{[%clk 0:08:00]} Ra4 {[%clk 0:33:30]} 42. Rb8 {[%clk 0:08:08]} Kf4
{[%clk 0:32:13]} 43. Rxb5 {[%clk 0:08:21]} Ra2+ {[%clk 0:32:38]} 44. Kf1
{[%clk 0:08:28]} Rxa6 {[%clk 0:33:03]} 45. Rb3 {[%clk 0:08:51]} Ra1+
{[%clk 0:33:15]} 46. Kf2 {[%clk 0:09:06]} Ra2+ {[%clk 0:33:39]} 47. Kf1
{[%clk 0:09:24]} g4 {[%clk 0:33:30]} 48. Rb4+ {[%clk 0:08:29]} Kg5
{[%clk 0:33:51]} 49. Rb3 {[%clk 0:06:30]} f5 {[%clk 0:33:54]} 50. h3
{[%clk 0:05:55]} h5 {[%clk 0:33:35]} 51. hxg4 {[%clk 0:06:18]} hxg4
{[%clk 0:33:09]} 52. Rc3 {[%clk 0:04:54]} Kh4 {[%clk 0:33:00]} 53. Rc8
{[%clk 0:03:31]} Kg3 {[%clk 0:33:02]} 54. Rc3+ {[%clk 0:03:55]} Kh2
{[%clk 0:33:24]} 55. Rc5 {[%clk 0:01:13]} Ra1+ {[%clk 0:32:51]} 56. Ke2
{[%clk 0:00:53]} Kxg2 {[%clk 0:33:03]} 57. Rxf5 {[%clk 0:01:21]} g3
{[%clk 0:33:28]} 58. Rg5 {[%clk 0:00:57]} Ra8 {[%clk 0:33:51]} 59. Rg7
{[%clk 0:01:18]} Re8+ {[%clk 0:34:17]} 60. Kd2 Kf2 {[%clk 0:34:40]} 0-1

[Event "v4camp2016"]
[Site "?"]
[Date "2016.06.22"]
[Round "3.2"]
[White "Drozniak, Stanislaw"]
[Black "Poliakova, Emma"]
[Result "0-1"]
[BlackElo "1826"]
[WhiteElo "2179"]
[LiveChessVersion "1.4.8"]

1. e4 {[%clk 1:30:58]} c5 {[%clk 1:30:54]} 2. Nf3 {[%clk 1:31:23]} Nc6
{[%clk 1:31:13]} 3. Nc3 {[%clk 1:31:46]} Nf6 {[%clk 1:30:11]} 4. d4
{[%clk 1:32:11]} cxd4 {[%clk 1:30:36]} 5. Nxd4 {[%clk 1:32:37]} e5
{[%clk 1:30:55]} 6. Ndb5 {[%clk 1:33:02]} d6 {[%clk 1:31:12]} 7. Bg5
{[%clk 1:33:25]} a6 {[%clk 1:31:34]} 8. Na3 {[%clk 1:33:50]} b5 {[%clk 1:31:57]}
9. Bxf6 {[%clk 1:34:15]} gxf6 {[%clk 1:31:36]} 10. Nd5 {[%clk 1:34:37]} Bg7
{[%clk 1:30:31]} 11. c3 {[%clk 1:35:01]} f5 {[%clk 1:27:22]} 12. exf5
{[%clk 1:35:27]} Bxf5 {[%clk 1:26:59]} 13. Nc2 {[%clk 1:35:51]} O-O
{[%clk 1:23:47]} 14. Nce3 {[%clk 1:36:15]} Be6 {[%clk 1:22:45]} 15. Bd3
{[%clk 1:36:36]} f5 {[%clk 1:20:19]} 16. O-O {[%clk 1:36:50]} Kh8
{[%clk 1:13:43]} 17. a4 {[%clk 1:28:50]} b4 {[%clk 1:03:08]} 18. cxb4
{[%clk 1:18:24]} e4 {[%clk 0:58:14]} 19. Nf4 {[%clk 1:14:44]} Bg8
{[%clk 0:50:42]} 20. Bc4 {[%clk 1:09:54]} Be5 {[%clk 0:45:07]} 21. Bxg8
{[%clk 0:59:35]} Rxg8 {[%clk 0:43:27]} 22. Ned5 {[%clk 0:57:44]} Qg5
{[%clk 0:37:43]} 23. h4 {[%clk 0:48:25]} Qxh4 {[%clk 0:35:11]} 24. Qh5
{[%clk 0:48:28]} Rxg2+ {[%clk 0:26:31]} 25. Kxg2 {[%clk 0:48:52]} Rg8+
{[%clk 0:26:56]} 26. Qg6 {[%clk 0:49:17]} Bxf4 {[%clk 0:27:10]} 27. Qxg8+
{[%clk 0:48:57]} Kxg8 {[%clk 0:27:34]} 28. Rh1 {[%clk 0:49:14]} Qg4+
{[%clk 0:23:51]} 29. Kf1 {[%clk 0:49:38]} Qf3 {[%clk 0:22:42]} 30. Rg1+
{[%clk 0:48:57]} Kf7 {[%clk 0:22:19]} 31. Nxf4 {[%clk 0:49:17]} Qxf4
{[%clk 0:22:21]} 32. b5 {[%clk 0:49:16]} e3 {[%clk 0:19:40]} 33. Rg2
{[%clk 0:49:39]} Qc4+ {[%clk 0:18:39]} 34. Kg1 {[%clk 0:49:48]} axb5
{[%clk 0:17:36]} 35. axb5 {[%clk 0:50:00]} Qxb5 {[%clk 0:17:34]} 36. fxe3
{[%clk 0:50:12]} Qb6 {[%clk 0:16:52]} 37. Re2 {[%clk 0:50:23]} Ne5
{[%clk 0:16:08]} 38. Rc1 {[%clk 0:49:04]} f4 {[%clk 0:14:38]} 39. Rc3
{[%clk 0:46:18]} f3 {[%clk 0:13:41]} 40. Rec2 {[%clk 0:46:01]} Ke6
{[%clk 0:12:58]} 41. Kf2 {[%clk 0:45:22]} Qd8 {[%clk 0:11:31]} 42. e4
{[%clk 0:42:00]} Qh4+ {[%clk 0:09:44]} 43. Kf1 {[%clk 0:38:49]} Qh1+
{[%clk 0:08:56]} 44. Kf2 {[%clk 0:39:13]} Qg2+ {[%clk 0:09:19]} 45. Ke3
{[%clk 0:37:46]} Qg1+ {[%clk 0:08:53]} 46. Kd2 {[%clk 0:36:35]} f2
{[%clk 0:08:39]} 47. Rc1 {[%clk 0:35:41]} f1=Q {[%clk 0:08:26]} 0-1

[Event "v4camp2016"]
[Site "?"]
[Date "2016.06.22"]
[Round "3.3"]
[White "Bielik, Jakub"]
[Black "Galuszka, Tomasz"]
[Result "1/2-1/2"]
[BlackElo "1714"]
[WhiteElo "1715"]
[LiveChessVersion "1.4.8"]

1. e4 {[%clk 1:30:56]} c6 {[%clk 1:30:53]} 2. d4 {[%clk 1:31:12]} d5
{[%clk 1:31:17]} 3. exd5 {[%clk 1:31:04]} cxd5 {[%clk 1:31:41]} 4. c4
{[%clk 1:31:18]} Nf6 {[%clk 1:32:09]} 5. Nc3 {[%clk 1:31:08]} e6 {[%clk 1:32:37]}
6. Nf3 {[%clk 1:30:59]} Bb4 {[%clk 1:32:52]} 7. Bd2 {[%clk 1:27:20]} O-O
{[%clk 1:32:09]} 8. Bd3 {[%clk 1:22:13]} dxc4 {[%clk 1:31:55]} 9. Bxc4
{[%clk 1:22:36]} Nc6 {[%clk 1:32:13]} 10. Ne2 {[%clk 1:22:46]} Be7
{[%clk 1:29:05]} 11. O-O {[%clk 1:21:49]} b6 {[%clk 1:28:56]} 12. Be3
{[%clk 1:13:43]} Bb7 {[%clk 1:27:59]} 13. Nc3 {[%clk 1:05:39]} Nb4
{[%clk 1:26:13]} 14. Rc1 {[%clk 0:59:46]} Nbd5 {[%clk 1:25:59]} 15. Ne5
{[%clk 0:58:13]} h6 {[%clk 1:23:57]} 16. Re1 {[%clk 0:53:58]} Nxc3
{[%clk 1:19:50]} 17. bxc3 {[%clk 0:53:33]} Rc8 {[%clk 1:19:11]} 18. Bb3
{[%clk 0:53:24]} Ne4 {[%clk 1:18:06]} 19. c4 {[%clk 0:44:53]} Bb4
{[%clk 1:17:31]} 20. Rf1 {[%clk 0:45:15]} Qe7 {[%clk 1:11:34]} 21. Rc2
{[%clk 0:33:59]} Rfd8 {[%clk 1:09:17]} 22. Qc1 {[%clk 0:33:08]} Ba3
{[%clk 0:53:37]} 23. Qa1 {[%clk 0:29:49]} Bd6 {[%clk 0:44:45]} 24. f3
{[%clk 0:20:34]} Bxe5 {[%clk 0:39:57]} 25. dxe5 {[%clk 0:20:53]} Nc5
{[%clk 0:40:19]} 26. Rd1 {[%clk 0:20:30]} Qc7 {[%clk 0:33:30]} 27. Rcd2
{[%clk 0:18:50]} Rxd2 {[%clk 0:24:18]} 28. Rxd2 {[%clk 0:18:46]} Rd8
{[%clk 0:23:24]} 29. Rxd8+ {[%clk 0:16:39]} Qxd8 {[%clk 0:23:52]} 30. Bxc5
{[%clk 0:15:08]} bxc5 {[%clk 0:24:14]} 31. Qd1 {[%clk 0:15:16]} Qxd1+
{[%clk 0:21:27]} 32. Bxd1 {[%clk 0:15:28]} f6 {[%clk 0:21:56]} 33. exf6
{[%clk 0:14:54]} gxf6 {[%clk 0:22:17]} 34. Kf2 {[%clk 0:15:20]} Kf7
{[%clk 0:22:17]} 35. Ke3 {[%clk 0:15:04]} e5 {[%clk 0:21:35]} 36. Bc2
{[%clk 0:13:13]} Ke6 {[%clk 0:20:55]} 37. g4 {[%clk 0:13:08]} Bc6
{[%clk 0:18:19]} 38. Be4 {[%clk 0:09:56]} Ba4 {[%clk 0:18:33]} 39. Bd3
{[%clk 0:09:28]} 1/2-1/2

[Event "v4camp2016"]
[Site "?"]
[Date "2016.06.22"]
[Round "3.4"]
[White "Kordela, Monika"]
[Black "Hrebicik, David"]
[Result "1/2-1/2"]
[BlackElo "1721"]
[WhiteElo "1724"]
[LiveChessVersion "1.4.8"]

1. d4 {[%clk 1:30:56]} d5 {[%clk 1:30:51]} 2. c4 {[%clk 1:31:14]} e6
{[%clk 1:31:09]} 3. Nc3 {[%clk 1:31:38]} Be7 {[%clk 1:31:32]} 4. Nf3
{[%clk 1:32:03]} Nf6 {[%clk 1:31:53]} 5. Bg5 {[%clk 1:32:27]} Nbd7
{[%clk 1:32:11]} 6. e3 {[%clk 1:32:50]} O-O {[%clk 1:32:32]} 7. cxd5
{[%clk 1:33:07]} exd5 {[%clk 1:32:49]} 8. Bd3 {[%clk 1:33:21]} c6
{[%clk 1:32:49]} 9. O-O {[%clk 1:33:24]} Re8 {[%clk 1:32:02]} 10. Rc1
{[%clk 1:33:26]} Nf8 {[%clk 1:31:42]} 11. h3 {[%clk 1:30:36]} Ng6
{[%clk 1:29:39]} 12. Bb1 {[%clk 1:26:32]} h6 {[%clk 1:26:18]} 13. Bxf6
{[%clk 1:26:50]} Bxf6 {[%clk 1:26:39]} 14. Qd3 {[%clk 1:25:18]} Nf8
{[%clk 1:22:14]} 15. Ne2 {[%clk 1:21:19]} g6 {[%clk 1:20:28]} 16. Nf4
{[%clk 1:19:00]} Bf5 {[%clk 1:15:36]} 17. Qb3 {[%clk 1:16:35]} Bxb1
{[%clk 1:15:12]} 18. Rxb1 {[%clk 1:16:59]} Qd7 {[%clk 1:10:21]} 19. Nd3
{[%clk 1:14:23]} Qc7 {[%clk 1:07:37]} 20. Rbc1 {[%clk 1:13:38]} Red8
{[%clk 1:03:29]} 21. Rc2 {[%clk 1:07:48]} Rab8 {[%clk 0:58:25]} 22. Rfc1
{[%clk 1:07:53]} Be7 {[%clk 0:53:18]} 23. Nfe5 {[%clk 1:01:34]} f6
{[%clk 0:48:10]} 24. Nf3 {[%clk 0:59:42]} Ne6 {[%clk 0:47:54]} 25. e4
{[%clk 0:54:32]} Nf4 {[%clk 0:42:20]} 26. e5 {[%clk 0:49:51]} Ne6
{[%clk 0:39:07]} 27. Re1 {[%clk 0:46:03]} f5 {[%clk 0:37:01]} 28. Nc5
{[%clk 0:38:08]} Bxc5 {[%clk 0:35:44]} 29. dxc5 {[%clk 0:38:32]} Qa5
{[%clk 0:34:38]} 30. Rec1 {[%clk 0:31:07]} Kg7 {[%clk 0:31:40]} 31. a3
{[%clk 0:29:16]} b6 {[%clk 0:25:25]} 32. cxb6 {[%clk 0:27:18]} Rxb6
{[%clk 0:25:27]} 33. Qd3 {[%clk 0:24:01]} c5 {[%clk 0:24:37]} 34. b4
{[%clk 0:21:47]} cxb4 {[%clk 0:16:50]} 35. axb4 {[%clk 0:22:10]} Qxb4
{[%clk 0:14:37]} 36. Rc6 {[%clk 0:21:09]} a5 {[%clk 0:09:26]} 37. Rxb6
{[%clk 0:20:55]} Qxb6 {[%clk 0:09:46]} 38. Qa3 {[%clk 0:21:19]} Qb4
{[%clk 0:09:20]} 39. Qxb4 {[%clk 0:21:25]} axb4 {[%clk 0:09:48]} 40. Rc6
{[%clk 0:21:44]} Ng5 {[%clk 0:04:51]} 41. Nxg5 {[%clk 0:20:07]} hxg5
{[%clk 0:05:19]} 42. Rb6 {[%clk 0:20:31]} d4 {[%clk 0:03:07]} 43. Rxb4
{[%clk 0:20:48]} d3 {[%clk 0:03:31]} 44. Rb1 {[%clk 0:20:53]} Kf7
{[%clk 0:02:06]} 45. Kf1 {[%clk 0:16:39]} Ke6 {[%clk 0:02:13]} 46. Ke1
{[%clk 0:16:47]} d2+ {[%clk 0:00:56]} 47. Kd1 {[%clk 0:17:03]} Kxe5
{[%clk 0:01:18]} 48. Rb2 {[%clk 0:16:59]} Kf4 {[%clk 0:01:17]} 49. Rxd2
{[%clk 0:14:39]} Ra8 {[%clk 0:00:35]} 1/2-1/2

[Event "v4camp2016"]
[Site "?"]
[Date "2016.06.22"]
[Round "3.5"]
[White "Bubnov, Kirill"]
[Black "Kuna, Martin"]
[Result "0-1"]
[BlackElo "1861"]
[WhiteElo "2163"]
[LiveChessVersion "1.4.8"]

1. d4 {[%clk 1:30:53]} Nf6 {[%clk 1:30:41]} 2. c4 {[%clk 1:31:18]} e5
{[%clk 1:31:08]} 3. dxe5 {[%clk 1:30:53]} Ng4 {[%clk 1:31:30]} 4. Bf4
{[%clk 1:31:16]} Nc6 {[%clk 1:31:49]} 5. Nf3 {[%clk 1:31:20]} Bb4+
{[%clk 1:32:09]} 6. Nbd2 {[%clk 1:31:38]} Qe7 {[%clk 1:32:30]} 7. e3
{[%clk 1:30:27]} Ngxe5 {[%clk 1:31:47]} 8. Nxe5 {[%clk 1:30:23]} Nxe5
{[%clk 1:32:09]} 9. Be2 {[%clk 1:30:42]} O-O {[%clk 1:29:54]} 10. O-O
{[%clk 1:30:58]} b6 {[%clk 1:28:03]} 11. Nf3 {[%clk 1:28:46]} Ng6
{[%clk 1:25:49]} 12. Bg3 {[%clk 1:22:22]} Bc5 {[%clk 1:22:29]} 13. a3
{[%clk 1:18:16]} a5 {[%clk 1:19:23]} 14. Qd5 {[%clk 1:14:21]} Ra7
{[%clk 1:13:12]} 15. Qh5 {[%clk 1:13:54]} Bb7 {[%clk 1:07:24]} 16. Rad1
{[%clk 1:12:16]} Rd8 {[%clk 0:53:36]} 17. Bxc7 {[%clk 1:11:30]} Bxf3
{[%clk 0:53:34]} 18. Bxd8 {[%clk 1:10:29]} Bxh5 {[%clk 0:53:57]} 19. Bxe7
{[%clk 1:10:49]} Bxe2 {[%clk 0:54:19]} 20. Bxc5 {[%clk 1:11:11]} bxc5
{[%clk 0:54:37]} 21. Rd5 {[%clk 1:05:15]} Bxf1 {[%clk 0:54:48]} 22. Kxf1
{[%clk 1:04:37]} Rc7 {[%clk 0:55:12]} 23. f4 {[%clk 1:04:48]} Kf8
{[%clk 0:54:42]} 24. Ke2 {[%clk 1:04:51]} Ke7 {[%clk 0:54:54]} 25. f5
{[%clk 1:05:01]} Nf8 {[%clk 0:54:22]} 26. Re5+ {[%clk 1:05:08]} Kd8
{[%clk 0:54:26]} 27. g4 {[%clk 1:05:32]} d6 {[%clk 0:54:06]} 28. Rd5
{[%clk 1:05:57]} Ke7 {[%clk 0:54:07]} 29. h4 {[%clk 1:06:02]} Rb7
{[%clk 0:54:05]} 30. Rd2 {[%clk 1:06:14]} Nd7 {[%clk 0:54:15]} 31. g5
{[%clk 1:05:53]} Ne5 {[%clk 0:53:21]} 32. Rc2 {[%clk 1:06:18]} Rb3
{[%clk 0:52:58]} 33. h5 {[%clk 1:05:18]} Ng4 {[%clk 0:53:05]} 34. Kf3
{[%clk 1:05:45]} Ne5+ {[%clk 0:52:55]} 35. Ke4 {[%clk 1:05:57]} Nd3
{[%clk 0:52:09]} 36. Rg2 {[%clk 1:04:01]} Rxb2 {[%clk 0:50:59]} 37. g6
{[%clk 1:03:28]} hxg6 {[%clk 0:51:06]} 38. Rg5 {[%clk 1:02:42]} Nf2+
{[%clk 0:50:48]} 39. Kf3 {[%clk 1:03:03]} gxh5 {[%clk 0:50:11]} 0-1

[Event "v4camp2016"]
[Site "?"]
[Date "2016.06.22"]
[Round "3.6"]
[White "Krupa, Miroslav"]
[Black "Skafar, Darya"]
[Result "0-1"]
[BlackElo "2050"]
[WhiteElo "1889"]
[LiveChessVersion "1.4.8"]

1. e4 {[%clk 1:30:56]} d6 {[%clk 1:30:48]} 2. d4 {[%clk 1:31:23]} Nf6
{[%clk 1:31:11]} 3. Nc3 {[%clk 1:31:47]} g6 {[%clk 1:31:33]} 4. Be3
{[%clk 1:32:08]} c6 {[%clk 1:30:14]} 5. Qd2 {[%clk 1:32:20]} b5 {[%clk 1:22:02]}
6. Bd3 {[%clk 1:32:38]} b4 {[%clk 1:18:30]} 7. Nce2 {[%clk 1:32:28]} a5
{[%clk 1:17:19]} 8. Nf3 {[%clk 1:32:35]} Nbd7 {[%clk 1:10:06]} 9. h3
{[%clk 1:28:31]} Bb7 {[%clk 1:00:26]} 10. Ng3 {[%clk 1:28:07]} Qc7
{[%clk 0:55:33]} 11. O-O {[%clk 1:27:59]} c5 {[%clk 0:47:28]} 12. dxc5
{[%clk 1:22:30]} Nxc5 {[%clk 0:37:46]} 13. Bb5+ {[%clk 0:51:34]} Bc6
{[%clk 0:33:17]} 14. Bxc6+ {[%clk 0:49:25]} Qxc6 {[%clk 0:33:42]} 15. e5
{[%clk 0:43:12]} Nfe4 {[%clk 0:23:58]} 16. Nxe4 {[%clk 0:41:00]} Nxe4
{[%clk 0:21:58]} 17. Qd3 {[%clk 0:39:31]} Bg7 {[%clk 0:15:54]} 18. Nd4
{[%clk 0:35:35]} Qb7 {[%clk 0:11:46]} 19. exd6 {[%clk 0:32:38]} Nxd6
{[%clk 0:11:13]} 20. Bf4 {[%clk 0:28:16]} Rd8 {[%clk 0:05:41]} 21. Rad1
{[%clk 0:21:26]} O-O {[%clk 0:05:14]} 22. b3 {[%clk 0:20:32]} e5 {[%clk 0:04:32]}
23. Bg5 {[%clk 0:20:08]} exd4 {[%clk 0:03:40]} 24. Bxd8 {[%clk 0:20:29]} Rxd8
{[%clk 0:04:07]} 25. Rfe1 {[%clk 0:17:24]} Bf6 {[%clk 0:04:14]} 26. Re2
{[%clk 0:13:17]} Rc8 {[%clk 0:03:31]} 27. Qg3 {[%clk 0:13:19]} Qd5
{[%clk 0:01:14]} 28. Qf4 {[%clk 0:11:35]} Kg7 {[%clk 0:00:59]} 29. Red2
{[%clk 0:10:50]} Nb5 {[%clk 0:00:46]} 30. Qg4 {[%clk 0:10:41]} Re8
{[%clk 0:00:48]} 31. a4 {[%clk 0:10:08]} Nc3 {[%clk 0:00:36]} 32. Rf1
{[%clk 0:10:08]} h5 {[%clk 0:00:43]} 33. Qf3 {[%clk 0:10:08]} Qxf3
{[%clk 0:00:52]} 34. gxf3 {[%clk 0:10:31]} Ne2+ {[%clk 0:00:45]} 35. Kh1
{[%clk 0:09:33]} Nf4 {[%clk 0:00:38]} 36. h4 {[%clk 0:09:48]} Ne6
{[%clk 0:00:44]} 37. Re1 {[%clk 0:09:58]} Rc8 {[%clk 0:00:40]} 38. Re4
{[%clk 0:08:01]} Rc5 {[%clk 0:00:45]} 39. Kg1 {[%clk 0:07:41]} Be5
{[%clk 0:00:38]} 40. Rde2 {[%clk 0:07:53]} f6 {[%clk 0:00:38]} 41. Kf1
{[%clk 0:07:25]} Rc3 {[%clk 0:00:38]} 42. Rxe5 {[%clk 0:04:16]} fxe5
{[%clk 0:01:05]} 43. Rxe5 {[%clk 0:04:41]} Nc5 {[%clk 0:00:38]} 44. Rd5
{[%clk 0:04:51]} Rxc2 {[%clk 0:00:47]} 45. Rxd4 {[%clk 0:05:16]} Nxb3
{[%clk 0:00:59]} 0-1

[Event "v4camp2016"]
[Site "?"]
[Date "2016.06.22"]
[Round "3.7"]
[White "Zakharikov, Ivan"]
[Black "Batora, Matej"]
[Result "1-0"]
[BlackElo "1897"]
[WhiteElo "1982"]
[LiveChessVersion "1.4.8"]

1. e4 {[%clk 1:30:57]} e5 {[%clk 1:30:36]} 2. Nf3 {[%clk 1:31:17]} Nc6
{[%clk 1:31:01]} 3. Bb5 {[%clk 1:31:41]} a6 {[%clk 1:31:24]} 4. Ba4
{[%clk 1:32:07]} Nf6 {[%clk 1:31:44]} 5. O-O {[%clk 1:32:29]} Nxe4
{[%clk 1:31:17]} 6. d4 {[%clk 1:28:37]} exd4 {[%clk 1:27:35]} 7. Re1
{[%clk 1:28:24]} d5 {[%clk 1:27:31]} 8. Nxd4 {[%clk 1:27:26]} Bd6
{[%clk 1:26:36]} 9. Nxc6 {[%clk 1:26:50]} Bxh2+ {[%clk 1:26:52]} 10. Kh1
{[%clk 1:27:06]} Qh4 {[%clk 1:26:48]} 11. Rxe4+ {[%clk 1:27:14]} dxe4
{[%clk 1:26:54]} 12. Qd8+ {[%clk 1:27:36]} Qxd8 {[%clk 1:27:19]} 13. Nxd8+
{[%clk 1:28:00]} Kxd8 {[%clk 1:27:45]} 14. Kxh2 {[%clk 1:28:22]} c5
{[%clk 1:21:24]} 15. Bb3 {[%clk 1:21:25]} f5 {[%clk 1:17:56]} 16. Be3
{[%clk 1:20:36]} b6 {[%clk 1:14:19]} 17. a4 {[%clk 1:20:29]} a5 {[%clk 1:13:58]}
18. Bd5 {[%clk 1:17:16]} Ra7 {[%clk 1:08:33]} 19. Nc3 {[%clk 1:14:22]} h6
{[%clk 0:57:40]} 20. Nb5 {[%clk 1:13:35]} Re7 {[%clk 0:49:51]} 21. Bf4
{[%clk 1:11:33]} g5 {[%clk 0:45:05]} 22. Bd6 {[%clk 1:11:39]} Rd7
{[%clk 0:43:48]} 23. Bc6 {[%clk 1:10:52]} Rhh7 {[%clk 0:36:24]} 24. Bxd7
{[%clk 1:10:10]} Bxd7 {[%clk 0:35:46]} 25. Bc7+ {[%clk 1:09:58]} 1-0

[Event "v4camp2016"]
[Site "?"]
[Date "2016.06.22"]
[Round "3.8"]
[White "Hlavinova, Martina"]
[Black "Khlopushin, Dmitriy"]
[Result "0-1"]
[BlackElo "1697"]
[WhiteElo "1318"]
[LiveChessVersion "1.4.8"]

1. e4 {[%clk 1:30:58]} e5 {[%clk 1:30:54]} 2. Nf3 {[%clk 1:31:23]} Nc6
{[%clk 1:31:13]} 3. Bb5 {[%clk 1:31:46]} a6 {[%clk 1:31:37]} 4. Ba4
{[%clk 1:32:11]} Nf6 {[%clk 1:32:01]} 5. O-O {[%clk 1:32:15]} Nxe4
{[%clk 1:32:19]} 6. Re1 {[%clk 1:30:17]} Nc5 {[%clk 1:32:28]} 7. Bxc6
{[%clk 1:30:09]} dxc6 {[%clk 1:31:54]} 8. Nxe5 {[%clk 1:29:38]} Be7
{[%clk 1:30:10]} 9. Nc3 {[%clk 1:25:37]} O-O {[%clk 1:29:26]} 10. d3
{[%clk 1:25:21]} Bg5 {[%clk 1:26:47]} 11. Nf3 {[%clk 1:18:49]} Bf6
{[%clk 1:26:06]} 12. Bf4 {[%clk 1:16:15]} Bg4 {[%clk 1:24:20]} 13. h3
{[%clk 1:11:48]} Bh5 {[%clk 1:24:27]} 14. Qe2 {[%clk 1:07:02]} Ne6
{[%clk 1:24:41]} 15. Be3 {[%clk 1:05:18]} Re8 {[%clk 1:24:12]} 16. Qd1
{[%clk 1:03:15]} Bd4 {[%clk 1:21:22]} 17. Bxd4 {[%clk 0:56:19]} Bxf3
{[%clk 1:17:29]} 18. Qxf3 {[%clk 0:55:02]} Nxd4 {[%clk 1:17:48]} 19. Rxe8+
{[%clk 0:55:12]} Qxe8 {[%clk 1:18:11]} 20. Qd1 {[%clk 0:55:24]} Qe5
{[%clk 1:17:33]} 21. Ne4 {[%clk 0:47:09]} f5 {[%clk 1:08:29]} 22. Ng3
{[%clk 0:44:36]} f4 {[%clk 1:08:44]} 23. Ne4 {[%clk 0:44:57]} f3 {[%clk 1:06:20]}
24. gxf3 {[%clk 0:36:19]} Rf8 {[%clk 1:06:09]} 25. Nd2 {[%clk 0:35:27]} Rf6
{[%clk 1:00:52]} 26. c3 {[%clk 0:30:17]} Ne2+ {[%clk 0:59:52]} 27. Kf1
{[%clk 0:22:27]} Nf4 {[%clk 0:59:50]} 28. Ne4 {[%clk 0:21:36]} Rh6
{[%clk 0:58:55]} 29. Ke1 {[%clk 0:20:14]} Qd5 {[%clk 0:57:16]} 30. d4
{[%clk 0:18:27]} Qc4 {[%clk 0:52:49]} 31. Qb3 {[%clk 0:15:17]} Qxb3
{[%clk 0:52:59]} 32. axb3 {[%clk 0:15:41]} Rxh3 {[%clk 0:53:21]} 33. Kd2
{[%clk 0:10:48]} Rxf3 {[%clk 0:52:43]} 34. Rb1 {[%clk 0:08:58]} b6
{[%clk 0:50:27]} 35. b4 {[%clk 0:08:44]} h6 {[%clk 0:50:31]} 36. b3
{[%clk 0:08:02]} Kf7 {[%clk 0:49:54]} 37. Re1 {[%clk 0:07:07]} Rd3+
{[%clk 0:47:38]} 38. Kc2 {[%clk 0:06:38]} Rh3 {[%clk 0:47:48]} 39. Rg1
{[%clk 0:05:43]} Rh2 {[%clk 0:47:50]} 40. Re1 {[%clk 0:05:13]} g5
{[%clk 0:47:50]} 41. Rg1 {[%clk 0:05:14]} Nh3 {[%clk 0:48:02]} 42. Rf1
{[%clk 0:05:14]} Kg6 {[%clk 0:48:08]} 43. Kd3 {[%clk 0:05:07]} Nf4+
{[%clk 0:48:02]} 44. Ke3 {[%clk 0:04:53]} Nd5+ {[%clk 0:48:11]} 45. Kd2
{[%clk 0:04:57]} Kf5 {[%clk 0:47:29]} 46. Ng3+ {[%clk 0:04:43]} Kg4
{[%clk 0:47:32]} 0-1

[Event "v4camp2016"]
[Site "?"]
[Date "2016.06.22"]
[Round "3.9"]
[White "Krzeminski, Sebastian"]
[Black "Durica, Adam"]
[Result "1-0"]
[BlackElo "1761"]
[WhiteElo "1832"]
[LiveChessVersion "1.4.8"]

1. d4 {[%clk 1:30:56]} d6 {[%clk 1:30:56]} 2. e4 {[%clk 1:31:19]} c6
{[%clk 1:31:22]} 3. c4 {[%clk 1:31:35]} g6 {[%clk 1:31:46]} 4. Nc3
{[%clk 1:31:30]} Bg7 {[%clk 1:32:03]} 5. f4 {[%clk 1:31:30]} Qc7 {[%clk 1:31:43]}
6. Nf3 {[%clk 1:31:34]} Bg4 {[%clk 1:32:06]} 7. Be2 {[%clk 1:31:13]} Nd7
{[%clk 1:32:21]} 8. h3 {[%clk 1:30:03]} Bxf3 {[%clk 1:32:41]} 9. Bxf3
{[%clk 1:30:31]} e5 {[%clk 1:32:33]} 10. fxe5 {[%clk 1:30:27]} dxe5
{[%clk 1:32:39]} 11. d5 {[%clk 1:30:34]} Ngf6 {[%clk 1:31:56]} 12. O-O
{[%clk 1:29:50]} O-O {[%clk 1:32:14]} 13. Kh1 {[%clk 1:26:40]} a6
{[%clk 1:30:12]} 14. Be3 {[%clk 1:19:22]} cxd5 {[%clk 1:30:11]} 15. cxd5
{[%clk 1:19:33]} Qd6 {[%clk 1:30:34]} 16. Rc1 {[%clk 1:19:05]} Rac8
{[%clk 1:30:53]} 17. Qb3 {[%clk 1:18:05]} b5 {[%clk 1:29:31]} 18. a4
{[%clk 1:14:19]} b4 {[%clk 1:28:24]} 19. Ne2 {[%clk 1:13:02]} a5 {[%clk 1:28:23]}
20. Rc4 {[%clk 1:11:47]} Nc5 {[%clk 1:24:23]} 21. Qc2 {[%clk 1:07:15]} b3
{[%clk 1:24:00]} 22. Qc1 {[%clk 1:06:51]} Nd3 {[%clk 1:19:56]} 23. Qc3
{[%clk 1:03:13]} Rxc4 {[%clk 1:20:18]} 24. Qxc4 {[%clk 1:03:42]} Nxb2
{[%clk 1:20:38]} 25. Qxb3 {[%clk 1:04:02]} Rb8 {[%clk 1:20:58]} 26. Qc2
{[%clk 1:03:33]} Qa3 {[%clk 1:19:01]} 27. Qc7 {[%clk 0:58:33]} Re8
{[%clk 1:17:57]} 28. Bc1 {[%clk 0:57:43]} Qb4 {[%clk 1:15:34]} 29. Bg5 h6
{[%clk 1:13:15]} 30. Bxf6 {[%clk 0:44:43]} Bxf6 {[%clk 1:13:23]} 31. Qc6
{[%clk 0:45:09]} Qe7 {[%clk 1:13:32]} 32. Qb5 {[%clk 0:43:17]} Kg7
{[%clk 1:08:16]} 33. Qxb2 {[%clk 0:42:08]} h5 {[%clk 1:08:27]} 34. Nc3
{[%clk 0:42:07]} Rh8 {[%clk 1:08:42]} 35. Nb5 {[%clk 0:38:35]} g5
{[%clk 1:08:43]} 36. Qa3 {[%clk 0:37:56]} Qd7 {[%clk 1:09:00]} 37. Qd6
{[%clk 0:38:11]} Qxd6 {[%clk 1:07:16]} 38. Nxd6 {[%clk 0:38:40]} g4
{[%clk 1:07:36]} 39. Be2 {[%clk 0:38:51]} Kg6 {[%clk 1:07:33]} 40. Kg1
{[%clk 0:38:11]} Be7 {[%clk 1:07:27]} 41. Nxf7 {[%clk 0:36:36]} Bc5+
{[%clk 1:07:43]} 42. Kh2 {[%clk 0:36:26]} Bd4 {[%clk 1:08:03]} 43. Nxh8+
{[%clk 0:36:47]} 1-0